Header
Vista normal Vista MARC
  • Ricci, Clemente,

Entrada Nombre personal

Número de registros utilizados en: 15

001 - NÚMERO DE CONTROL

  • campo de control: 6661

003 - IDENTIFICADOR DEL NÚMERO DE CONTROL

  • campo de control: AR-BaAGN

005 - FECHA Y HORA DE LA ÚLTIMA TRANSACCIÓN

  • campo de control: 20231113142104.0

008 - ELEMENTOS DE DATO DE LONGITUD-FIJA

  • campo de control de longitud fija: 231110|| aca||aabn | a|a d

024 7# - IDENTIFICADOR DE OTROS ESTÁNDARES

  • Número estándar o código: 52054417
  • Fuente: viaf
  • URI de un objeto del mundo real: http://viaf.org/viaf/52054417

040 ## - FUENTE DE CATALOGACIÓN

  • Centro catalogador/agencia de origen: AR-BaBN
  • Lengua de catalogación: spa
  • Normas de descripción: aacr
  • Centro/agencia modificador: AR-BaAGN

100 1# - ENCABEZAMIENTO-NOMBRE DE PERSONA

  • Nombre de persona: Ricci, Clemente,
  • Fechas asociadas al nombre: 1873-1946

370 ## - LUGAR ASOCIADO

  • Lugar de nacimiento: Pavía (Italia : Provincia)
  • Lugar de fallecimiento: Buenos Aires

372 ## - CAMPO DE ACTIVIDAD

  • Campo de actividad: Literatura

372 ## - CAMPO DE ACTIVIDAD

  • Campo de actividad: Historia

374 ## - OCUPACIÓN

  • Ocupación: Escritores

374 ## - OCUPACIÓN

  • Ocupación: Filólogos

374 ## - OCUPACIÓN

  • Ocupación: Historiadores

400 1# - TRAZADO DE VÉASE--NOMBRE DE PERSONA

  • Nombre de persona: Ricci, C.
  • Fechas asociadas al nombre: 1873-1946

670 ## - FUENTE DE DATOS ENCONTRADOS

  • Cita de la fuente: Biblioteca Nacional Mariano Moreno, 10 noviembre 2023:
  • Información encontrada: catálogo de autoridades (Ricci, Clemente)

670 ## - FUENTE DE DATOS ENCONTRADOS

  • Cita de la fuente: Italia y el papado ante la filosofía de la historia, 1904.

670 ## - FUENTE DE DATOS ENCONTRADOS

  • Cita de la fuente: Abad de Santillán, D. Gran encicl. arg., 1961:
  • Información encontrada: (Ricci, Clemente, n. Casteggio, Pavia, Italia, 1873, m. Buenos Aires, 04 feb. 1946; llegó a Bs. As. en 1893; escritor, historiador, exégeta de la Biblia; cursó estudios de filología clásica y ciencia de la antigüedad, ciencias históricas y sociales; se distinguió en la interpretación de la música sacra en el órgano; profesor de música; colaboró en distintos diarios y en la revista La Reforma; creador y director del Inst. de historia antigua y medieval (Fac. de Filosofía y Letras); decano; miembro fundador de la Acad. Argentina de Letras)

Contacto

Dirección: Av. Leandro Alem 246, 3er piso (CABA).
Código postal: C1003AAP
Teléfono: 2206-0013
Correo electrónico: comunicacionagn@mininterior.gob.ar
Sitio Web: www.argentina.gob.ar/interior/archivo-general-de-la-nacion

AGN en las redes sociales

Facebook  /  Twitter  /  Instagram